A mi madre en su día / (Record no. 39410)

MARC details
000 -CABECERA
campo de control de longitud fija 00551nam a2200181 a 4500
005 - FECHA Y HORA DE LA ÚLTIMA TRANSACCIÓN
campo de control 20241128063805.0
008 - ELEMENTOS DE LONGITUD FIJA--INFORMACIÓN GENERAL
campo de control de longitud fija 991125s1962 mx 000 0 spa u
035 ## - NÚMERO DE CONTROL DEL SISTEMA
Número de control de sistema UPN01000039410
049 ## - COLECCIÓN
Colección SEP
050 #4 - SIGNATURA TOPOGRÁFICA DE LA BIBLIOTECA DEL CONGRESO
Número de clasificación MT85
Número de documento/Ítem G3.2
100 1# - ASIENTO PRINCIPAL--NOMBRE PERSONAL
Nombre de persona Galindo, Aurelio F.
245 10 - MENCIÓN DE TÍTULO
Título A mi madre en su día /
Mención de responsabilidad, etc. Aurelio F. Galindo ; recop. E. Lomelí Gómez.
260 ## - PUBLICACIÓN, DISTRIBUCIÓN, ETC.
Lugar de publicación, distribución, etc. México :
Nombre del editor, distribuidor, etc. [s.n.],
Fecha de publicación, distribución, etc. 1962.
300 ## - DESCRIPCIÓN FÍSICA
Extensión 1 partitura (2 p.)
650 #4 - ASIENTO SECUNDARIO DE MATERIA - TERMINO TEMATICO
Término de materia o nombre geográfico como elemento de entrada Música popular (Canciones, etc.)
Subdivisión geográfica México
9 (RLIN) 22391
700 1# - ASIENTO SECUNDARIO--NOMBRE DE PERSONAL
Nombre de persona Lomelí Gómez, Emilio,
Término indicativo de función/relación comp.
905 ## - TIPO DE MATERIAL
Tipo de material Libro
Holdings
Estado de retiro Estado de pérdida Fuente del sistema de clasificación o colocación Estado dañado No para préstamo Código de colección Localización permanente Ubicación/localización actual Ubicación en estantería Fecha de adquisición Clasificación Código de barras Fecha visto por última vez Número de copia Tipo de ítem Koha
    Library of Congress Classification   Coleccion SEP Colección SEP Bib. Gregorio Torres Quintero Bib. Gregorio Torres Quintero Colección SEP 09/05/2023 MT85 G3.2 6730F 31/12/2020 1 Libro